00827cam a2200229 a 450000100100000000500170001000800410002702000150006804000250008304100380010808200210014610000260016724501070019325000110030026000600031130000270037153400860039865000270048465000260051170000280053771000320056500000168620240403141130.0800102s1991 waua 000 0 spa  a0917136101 aDO-SdBNPbspacBNPHU17aspabeng2Código de idioma MARC a312bH374g, 19911 aHaupt, Arthur,d1945-10aGuía Rápida de Población del Population Reference Bureau /cpor Arthur Haupt y Thomás T. Kane. a2a ed. aWashington, D.C. :bPopulation Reference Bureau,c1991. a79 p. :bil. ;c21 cm. pTítulo original:tPopulation Reference handbook del population Reference Bureau 4aDemografíaxManuales 4aPoblaciónxManuales1 aKane, Thomas T.,d1951-2 aPopulation Reference Bureau